000 00657nam a2200217Ia 4500
005 20250506172826.0
008 008 250505s9999 xx 000 0 eng d
020 _a9788131604120
037 _aTB
040 _aILCL
_beng
_cILCL
041 _aeng
_2eng
082 _qILCL
100 _aVapnek, Jessica (Ed.)
_9754563
245 0 _aLaw for Water Management: a guide to concepts and effective approaches
260 _aDelhi
_bRawat Publications
_c2009
300 _axviii,341p.
365 _aINR
700 _aAylward, Bruce (Ed.)Popp, Christie (Ed.) & Bartram, Jamie (Ed.)
_9754564
942 _cTB
_2Colon Classification
999 _c1312157
_d1312157